| 000 | 00663nam a2200181Ia 4500 | ||
|---|---|---|---|
| 008 | 100921s9999 xx 000 0 und d | ||
| 082 |
_b22032 _a891.463 थ 82 |
||
| 100 | _aगांगल वसंत. | ||
| 245 | _aनकळत सारे घडले. | ||
| 260 |
_bनुतन प्रकाशन, पुणे. _c1982 |
||
| 300 |
_a215 _bभावे पुस्तक भांडार,पुणे |
||
| 365 | _b30 | ||
| 520 | _aललित-कादंबरी. | ||
| 630 | _aनकळत सारे घडले. | ||
| 650 | _aललित-कादंबरी. | ||
| 730 | _aनकळत सारे घडले. | ||
| 942 | _cBOOK | ||
| 999 |
_c771145 _d771142 |
||